000
00329nam a2200133Ia 4500
100
_a
Khan/ MY./ Jain/P.K.
942
_c
BK
654
_a
Management
245
_a
Theory & Problems of Management and Cost Accounting
260
_b
Tata Mc Graw hill
_a
New Delhi
_c
1994
082
_a
658
_b
PAN
546
_a
ENGLISH
999
_c
32952
_d
32952